Skip to main content
Your cart is empty.
Your lists
Log in to create your own lists
Your cookies
العربية
English
العربية
Home
Search
Advanced search
Authority search
About
The noble scholar, jurist, historian
His Excellency Dr. Abdul Wahhab bin Ibrahim Abu Sulaiman, may Allah have mercy on him.
He was born in Umm Al-Qura in the year 1356 AH.
Library catalog
Title
Author
Subject
ISBN
ISSN
Series
Call number
Log in to your account
×
Login:
Password:
Home
MARC view: عمران المدينة المنورة وخططها في النصف الثاني من القرن الثالث عشر الهجري-التاسع عشر ميلادي :
Normal view
MARC view
ISBD view
عمران المدينة المنورة وخططها في النصف الثاني من القرن الثالث عشر الهجري-التاسع عشر ميلادي : (Record no. 10506)
[
view plain
]
MARC details
000 -LEADER
fixed length control field
01436cam a22002891i 4500
003 - CONTROL NUMBER IDENTIFIER
control field
SA-RiAUC
005 - DATE AND TIME OF LATEST TRANSACTION
control field
20250803081249.0
008 - FIXED-LENGTH DATA ELEMENTS--GENERAL INFORMATION
fixed length control field
250726s2015 su f 00010 ara c
020 ## - INTERNATIONAL STANDARD BOOK NUMBER
International Standard Book Number
9786039053262
040 ## - CATALOGING SOURCE
Original cataloging agency
SA-MaUQU
Language of cataloging
ara
Transcribing agency
SA-RiAUC
Description conventions
rda
043 ## - GEOGRAPHIC AREA CODE
Geographic area code
a-su---
082 04 - DEWEY DECIMAL CLASSIFICATION NUMBER
Classification number
711.40953122
Assigning agency
SA-RiAUC
090 ## - LOCALLY ASSIGNED LC-TYPE CALL NUMBER (OCLC); LOCAL CALL NUMBER (RLIN)
Classification number (OCLC) (R) ; Classification number, CALL (RLIN) (NR)
711.40953122
Local cutter number (OCLC) ; Book number/undivided call number, CALL (RLIN)
ي ز ي
100 1# - MAIN ENTRY--PERSONAL NAME
Personal name
اليزيدي، مها سعيد سعد
Relator term
مؤلف.
245 10 - TITLE STATEMENT
Title
عمران المدينة المنورة وخططها في النصف الثاني من القرن الثالث عشر الهجري-التاسع عشر ميلادي :
Remainder of title
دراسة حضارية /
Statement of responsibility, etc.
مها سعيد سعد اليزيدي ؛ مراجعة سالم بن عبد الله الخلف.
250 ## - EDITION STATEMENT
Edition statement
الطبعة الأولى.
264 #1 - PRODUCTION, PUBLICATION, DISTRIBUTION, MANUFACTURE, AND COPYRIGHT NOTICE
Place of production, publication, distribution, manufacture
المدينة المنورة :
Name of producer, publisher, distributor, manufacturer
كرسي الملك سلمان بن عبد العزيز لدراسات تاريخ المدينة المنورة،
Date of production, publication, distribution, manufacture, or copyright notice
2015.
300 ## - PHYSICAL DESCRIPTION
Extent
426 صفحة ؛
Dimensions
24 سم
336 ## - CONTENT TYPE
Content type term
نص
Content type code
txt
Source
rdacontent
Materials specified
كتاب
337 ## - MEDIA TYPE
Media type term
بدون وسيط
Media type code
n
Source
rdamedia
338 ## - CARRIER TYPE
Carrier type term
مجلد
Carrier type code
nc
Source
rdacarrier
500 ## - GENERAL NOTE
General note
اهداء من عدنان الشريف
650 #7 - SUBJECT ADDED ENTRY--TOPICAL TERM
Topical term or geographic name entry element
تخطيط المدن
Geographic subdivision
المدينة المنورة
General subdivision
تاريخ
Chronological subdivision
قرن 13 هجري
Source of heading or term
aucsh
700 1# - ADDED ENTRY--PERSONAL NAME
Personal name
الخلف، سالم بن عبد الله،
Dates associated with a name
1380 هجري-
Relator term
مراجع.
942 ## - ADDED ENTRY ELEMENTS (KOHA)
Source of classification or shelving scheme
Dewey Decimal Classification
Koha item type
Books
Suppress in OPAC
No
949 ## - LOCAL PROCESSING INFORMATION (OCLC)
a
SA-JeALM
d
250726
u
mohamedma123
n
1
Holdings
Withdrawn status
Lost status
Source of classification or shelving scheme
Damaged status
Not for loan
Collection
Home library
Current library
Date acquired
Total checkouts
Full call number
Barcode
Date last seen
Price effective from
Koha item type
Dewey Decimal Classification
اهداء
DR AbdElwahab Library
DR AbdElwahab Library
08/03/2025
711.40953122 ي ز ي
000017112
08/03/2025
08/03/2025
Books
Place hold
Print
Add to your cart
(remove)
Save record
BIBTEX
Dublin Core
MARCXML
MARC (non-Unicode/MARC-8)
MARC (Unicode/UTF-8)
MARC (Unicode/UTF-8, Standard)
MODS (XML)
RIS
ISBD
More searches
Search for this title in:
Other Libraries (WorldCat)
Other Databases (Google Scholar)
Online Stores (Bookfinder.com)
Open Library (openlibrary.org)
Exporting to Dublin Core...
×
Simple DC-RDF
OAI-DC
SRW-DC